05833nam a2200421 a 4500003000500000005001700005007000300022008004100025020001800066040002300084050002500107082002500132245008000157250001700237264004400254300007800298336002700376337002700403338002800430490004200458504002800500505170600528520241802234650004104652650004204693650004204735650004104777650002804818650003804846650003404884650002804918700003704946830005004983942001505033999001905048952017205067952017205239CHAP20230517131856.0ta230517s2018 njuado|fr|||| 001 0 eng d a9781118432884 amxchpuacCHAPerda10aHD9495.A2b.F66 201800a664.08bF66 201822010aFood processing by-products and their utilization /ceditor Anil Kumar Anal a1a edición aHoboken, NJ :bJohn Wiley & Sons,c2018 axxi, 570 páginas :bilustraciones, gráficas, diagramas, tablas, fotos 2rdacontentatextobtxt 2rdamediaasin mediobn 2rdacarrieravolumenbnc1 aIFST Advances in Food Science (Wiley) aIncluye bibliografías0 aAbout the IFST Advances in Food Science Book Series -- List of Contributors -- 1 Food Processing By-Products and their Utilization: Introduction -- 2 Fruit Processing By-Products: A Rich Source for Bioactive Compounds and Value Added Products -- 3 Utilization of Waste from Tropical Fruits -- 4 Valorization of Vegetable Wastes -- 5 Application of Food By-Products in Medical and Pharmaceutical Industries -- 6 Dietary Fibers, Dietary Peptides and Dietary Essential Fatty Acids from Food Processing By-Products -- 7 Prebiotics and Dietary Fibers from Food Processing By-Products -- 8 Utilization of By-Products from Food Processing as Biofertilizers and Biopesticides -- 9 Banana Peels and their Prospects for Industrial Utilization -- 10 Utilization of Carrot Pomace -- 11 Processing and Utilization of Soy Food By-Products -- 12 Value-Added By-Products from Rice Processing Industries -- 13 Bioprocessing of Beverage Industry Waste for Value Addition -- 14 Bioactive Compounds and their Health Effects from Honey Processing Industries -- 15 Advances in Milk Fractionation for Value Addition -- 16 Bioprocessing of Chicken Meat and Egg Processing Industries’ Waste to Value-Added Proteins and Peptides -- 17 Bioprocessing of Beef and Pork Meat Processing Industries, ‘Waste to Value-Add‘ -- 18 Aquaculture and Marine Products Contribution for Healthcare Application -- 19 Seafood By-Products in Applications of Biomedicine and Cosmeticuals -- 20 Food Industry By-Products as Protein Replacement in Aquaculture Diets of Tilapia and Catfish -- 21 Value-Added By-Products from Sugar Processing Industries -- 22 Regulatory and Legislative Issues for Food Waste Utilization -- References -- Index 2 aAn in-depth look at the economic and environmental benefits that food companies can achieve—and the challenges and opportunities they may face—by utilizing food processing by-products Food Processing By-Products and their Utilization is the first book dedicated to food processing by-products and their utilization in a broad spectrum. It provides a comprehensive overview on food processing by-products and their utilization as source of novel functional ingredients. It discusses food groups, including cereals, pulses, fruits, vegetables, meat, dairy, marine, sugarcane, winery, and plantation by-products; addresses processing challenges relevant to food by-products; and delivers insight into the current state of art and emerging technologies to extract valuable phytochemicals from food processing by-products. Food Processing By-Products and their Utilization offers in-depth chapter coverage of fruit processing by-products; the application of food by-products in medical and pharmaceutical industries; prebiotics and dietary fibers from food processing by-products; bioactive compounds and their health effects from honey processing industries; advances in milk fractionation for value addition; seafood by-products in applications of biomedicine and cosmeticuals; food industry by-products as nutrient replacements in aquaculture diets and agricultural crops; regulatory and legislative issues for food waste utilization; and much more. The first reference text to bring together essential information on the processing technology and incorporation of by-products into various food applications Concentrates on the challenges and opportunities for utilizing by-products, including many novel and potential uses for the by-products and waste materials generated by food processing Focuses on the nutritional composition and biochemistry of by-products, which are key to establishing their functional health benefits as foods Part of the "IFST Advances in Food Science" series, co-published with the Institute of Food Science and Technology (UK) This bookserves as a comprehensive reference for students, educators, researchers, food processors, and industry personnel looking for up-to-date insight into the field. Additionally, the covered range of techniques for by-product utilization will provide engineers and scientists working in the food industry with a valuable resource for their work.139147897aProcesamiento de alimentos 139187075aSubproductos agroindustriales139187077aUtilización de subproductos139148659aIndustria de los alimentos 139147896aFood processing139187076aAgroindustrial byproducts139187078aByproduct utilization139148657aFood industry 1 9187074aAnal, Anil Kumareeditor 09187069aIFST Advances in Food Science (Wiley) 2ddccLibro c218780d218780 00102ddc4051708GRALaIA_bIA_d2019-11-28eCompra Librería UACh F. 38696iC/e 239l0o664.08 F66 2018p1102014794r2023-05-17 00:00:00tEj. 1w2023-05-17yLIBRO 00102ddc4055708GRALaIA_bIA_d2019-11-28eCompra Librería UACh F. 38696iC/e 240l0o664.08 F66 2018p1102014795r2023-05-17 00:00:00tEj. 2w2023-05-17yLIBRO